01071nam a2200265Ia 450000500170000000800410001702000150005804100080007308200160008124500750009725000220017230000420019465000600023665000610029665000690035770000480042694200130047426400480048733600270053533700330056233800280059504000350062399900150065895201320067320220316235700.0121119s2003 ck a gre 000 0 spa  a95861549551 aspa04aR 036 bE5103aLa enciclopedia de los niños ctraducción, Jeannette Insignares M. aPrimera edición a992 páginas bilustraciones c28 cm14aCiencias xEnseñanza elemental vEnciclopedias 2LEMB14aEcologíaxEnseñanza elemental vEnciclopedias 2LEMB14aCiencias sociales xEnseñanza elemental vEnciclopedias 2LEMB1 aInsignares M., Jeannette etraductor940258 2ddccREF aBogotá bEducar Cultural Recreativac2003 atextobtxt2rdacontent asin mediaciónbn2rdamedia avolumenbnc2rdacarrier aCO-BoRNBPbspaerdacCO-BoRNBP c1809d1809 00102ddc40708INFaMEGUAMALbMEGUAMALcSInfd2023-02-27l0oR 036 E51pGUA001757r2023-02-27 00:00:00tEj.1w2023-02-27yREF